000 00410nam a2200157 a 4500
005 20140412111245.0
008 001120s19uu xx 00 eng d
020 _a0-590-35608-9
050 _aTR(GS 372.4
_bWAL 1990
100 _aWalling, Elaine
245 _aCritical reading D /
_cElaine Walling.
260 _a[s.l.} :
_bScholastic Inc,
_c1990.
300 _a32 p.
650 _aReading
999 _c102913
_d102913